Asie de A à Z - Statistiques

Statistiques générales
  • Ce quiz a été pris 215 fois
  • Le résultat moyen est 7 sur 26
Statistiques - réponses
Lettre Indice Réponse % Correct
G Homme et femme politique indiens qui n'ont pourtant aucun lien de parenté Gandhi
77%
E Célèbre montagne, du nom d'un géographe britannique Everest
74%
F Peut-être le volcan le plus célèbre du monde... Fuji
69%
B Seul île au monde à être divisée entre trois pays Bornéo
68%
T Dernier né de l'Asie... Timor Oriental
48%
J Métropole indienne, capitale du Rajasthan Jaipur
42%
A Emirats le plus étendu des Emirats Arabes Unis Abou Dhabi
36%
D Dans le même pays, bataille décisive de la Guerre d'Indochine Diên Biên Phu
29%
O Autre territoire indépendantiste du Caucase, lui situé en Géorgie Ossétie du Sud
27%
L Grande île philippine sur laquelle se situe la capitale, Manille Luçon
24%
M Grande ville irakienne, dont le nom est associé à une bataille contre Daech Mossoul
23%
H République indépendantiste azérie, soutenue par l'Arménie Haut-Karabagh
22%
Y Grande métropole japonaise, capitale de la préfecture de Kanagawa Yokohama
21%
Q Grande ville iranienne, juste au sud de Téhéran Qom
19%
R Célèbre compositeur russe, renommé pour son Prélude Rachmaninov
18%
U Etat le plus peuplé d'Inde Uttar Pradesh
15%
X Successeur de la réponse Z en Chine, redresseur du pays Xiaoping
12%
S Ile yéménite, réputée pour sa faune et sa flore extraordinaire Socotra
10%
Z Créateur de la République Populaire de Chine, en 1949 Zehdong
7%
N Un des trois archipels majeurs appartenant à l'Inde, avec Andaman et Laquedives Nicobar
5%
P Terme associable aux noms russes Taïmyr, Kola, Kanin et Lopatka Péninsule
5%
V Ville turque épicentre d'une révolte arménienne en 1915 Van
4%
W Désert jordanien, ayant beaucoup servi comme décor de films Wadi Rum
3%
C Surnom donné par les Américains aux Nord-Vietnamiens durant la guerre Charlie
2%
I Grande ville la plus froide du monde, située à l'Est de la Sibérie Iakutsk
1%
K Région autonome de l'ouest de l'Ouzbékistan, pourtant 40 % de son territoire Karalpakistan
1%
Aucun quiz correspondant
Distribution des résultats
% des personnes avec chaque résultat
Percentile par nombre de réponses
Votre historique - résultats
Vous n’avez pas pris ce quiz